000
00303nam a22001337a 4500
008
180214b xxu||||| |||| 00| 0 eng d
020
_a
9780195088298
041
_a
eng
080
_a
94
100
_a
16
101
_a
his
245
_a
biographical supplemnt and index
_c
harriet.s
942
_2
udc
_c
BK
999
_c
42483
_d
42483